[Event "Stay Safe Play From Home 407"]
[Site "Emanuel Lasker Arena"]
[Date "2020.08.24"]
[Round "8"]
[White "Kucharz90"]
[Black "Matsek"]
[Result "0-1"]
[WhiteElo "1377"]
[BlackElo "1458"]
[Annotator "NA"]
[PlyCount "48"]
[EventDate "2020.08.24"]
[EventType "swiss (blitz)"]

1. d4 {[%emt 0:00:02]} d5 {[%emt 0:00:02]} 2. Nc3 {[%emt 0:00:01]} e6 {[%emt 0:00:01]} 3. Nf3 {[%emt 0:00:01]} Nf6 {[%emt 0:00:01]} 4. Bg5 {[%emt 0:00:01]} Nbd7 {[%emt 0:00:02]} 5. e4 {[%emt 0:00:01]} dxe4 {[%emt 0:00:03]} 6. Bxf6 {[%emt 0:00:04]} Nxf6 {[%emt 0:00:02]} 7. Ne5 {[%emt 0:00:04]} Bb4 {[%emt 0:00:10]} 8. a3 {[%emt 0:00:02]} Ba5 {[%emt 0:00:03]} 9. b4 {[%emt 0:00:01]} Bb6 {[%emt 0:00:01]} 10. Bc4 {[%emt 0:00:07]} a5 {[%emt 0:00:03]} 11. O-O {[%emt 0:00:02]} axb4 {[%emt 0:00:02]} 12. axb4 {[%emt 0:00:02]} Rxa1 {[%emt 0:00:01]} 13. Qxa1 {[%emt 0:00:03]} O-O {[%emt 0:00:00]} 14. Rd1 {[%emt 0:00:06]} Bxd4 {[%emt 0:00:02]} 15. Rxd4 {[%emt 0:00:15]} Qxd4 {[%emt 0:00:02]} 16. Qd1 {[%emt 0:01:35]} Qxe5 {[%emt 0:00:10]} 17. Ne2 {[%emt 0:00:05]} Nd5 {[%emt 0:00:05]} 18. f3 {[%emt 0:00:09]} exf3 {[%emt 0:00:05]} 19. gxf3 {[%emt 0:00:01]} Ne3 {[%emt 0:00:07]} 20. Qd3 {[%emt 0:00:05]} Qg5+ {[%emt 0:00:09]} 21. Ng3 {[%emt 0:00:04]} Nf5 {[%emt 0:00:08]} 22. Qe4 {[%emt 0:00:03]} Nxg3 {[%emt 0:00:04]} 23. hxg3 {[%emt 0:00:00]} Qxg3+ {[%emt 0:00:02]} 24. Kf1 {[%emt 0:00:01]} Rd8 {[%emt 0:00:04] TimeW TimeW TimeW} 0-1

[Event "Stay Safe Play From Home 407"]
[Site "Emanuel Lasker Arena"]
[Date "2020.08.24"]
[Round "9"]
[White "Hickey"]
[Black "Ionelluca"]
[Result "1-0"]
[WhiteElo "2166"]
[BlackElo "2044"]
[PlyCount "97"]
[EventDate "2020.08.24"]
[EventType "swiss (blitz)"]

1. Nf3 {[%emt 0:00:03]} Nf6 {[%emt 0:00:04]} 2. b3 {[%emt 0:00:01]} b6 {[%emt 0:00:01]} 3. Bb2 {[%emt 0:00:00]} Bb7 {[%emt 0:00:01]} 4. g3 {[%emt 0:00:02]} g6 {[%emt 0:00:01]} 5. Bg2 {[%emt 0:00:01]} Bg7 {[%emt 0:00:01]} 6. O-O {[%emt 0:00:06]} O-O {[%emt 0:00:01]} 7. d3 {[%emt 0:00:00]} Qc8 {[%emt 0:00:03]} 8. Nbd2 {[%emt 0:00:01]} Nc6 {[%emt 0:00:02]} 9. e4 {[%emt 0:00:01]} e6 {[%emt 0:00:03]} 10. d4 {[%emt 0:00:07]} Re8 {[%emt 0:00:01]} 11. c4 {[%emt 0:00:02]} d5 {[%emt 0:00:02]} 12. e5 {[%emt 0:00:02]} Ne4 {[%emt 0:00:07]} 13. cxd5 {[%emt 0:00:02]} exd5 {[%emt 0:00:16]} 14. Rc1 {[%emt 0:00:07]} Nb4 {[%emt 0:00:04]} 15. Ba3 {[%emt 0:00:36]} Nxa2 {[%emt 0:00:10]} 16. Nxe4 {[%emt 0:00:13]} dxe4 {[%emt 0:00:02]} 17. Rc2 {[%emt 0:00:03]} exf3 {[%emt 0:00:03]} 18. Bxf3 {[%emt 0:00:00]} Bxf3 {[%emt 0:00:09]} 19. Qxf3 {[%emt 0:00:00]} c5 {[%emt 0:00:19]} 20. dxc5 {[%emt 0:00:09]} Qa6 {[%emt 0:00:09]} 21. Rxa2 {[%emt 0:00:02]} bxc5 {[%emt 0:00:02]} 22. Qe2 {[%emt 0:00:35]} Qxe2 {[%emt 0:00:10]} 23. Rxe2 {[%emt 0:00:00]} Rab8 {[%emt 0:00:19]} 24. Bxc5 {[%emt 0:00:02]} a5 {[%emt 0:00:03]} 25. f4 {[%emt 0:00:07]} Rxb3 {[%emt 0:00:02]} 26. Ra1 {[%emt 0:00:02]} Rb5 {[%emt 0:00:01]} 27. Bd4 {[%emt 0:00:03]} Ra8 {[%emt 0:00:05]} 28. Rea2 {[%emt 0:00:02]} Rd5 {[%emt 0:00:04]} 29. Bc3 {[%emt 0:00:01]} Rd3 {[%emt 0:00:02]} 30. Bxa5 {[%emt 0:00:02]} Bf8 {[%emt 0:00:01]} 31. Be1 {[%emt 0:00:02]} Bc5+ {[%emt 0:00:02]} 32. Bf2 {[%emt 0:00:02]} Bxf2+ {[%emt 0:00:06]} 33. Kxf2 {[%emt 0:00:00]} Rc8 {[%emt 0:00:05]} 34. Re1 {[%emt 0:00:02]} Rcc3 {[%emt 0:00:02]} 35. Ree2 {[%emt 0:00:01]} Kg7 {[%emt 0:00:01]} 36. Kg2 {[%emt 0:00:00]} h6 {[%emt 0:00:01]} 37. Ra7 {[%emt 0:00:01]} h5 {[%emt 0:00:01]} 38. e6 {[%emt 0:00:01]} Re3 {[%emt 0:00:01]} 39. Rxf7+ {[%emt 0:00:02]} Kh6 {[%emt 0:00:01]} 40. Kf2 {[%emt 0:00:04]} Rxe2+ {[%emt 0:00:02]} 41. Kxe2 {[%emt 0:00:00]} Rc2+ {[%emt 0:00:01]} 42. Kf3 {[%emt 0:00:01]} Rc1 {[%emt 0:00:01]} 43. e7 {[%emt 0:00:01]} Re1 {[%emt 0:00:01]} 44. h3 {[%emt 0:00:01]} Re6 {[%emt 0:00:01]} 45. g4 {[%emt 0:00:01]} hxg4+ {[%emt 0:00:01]} 46. hxg4 {[%emt 0:00:00]} g5 {[%emt 0:00:00]} 47. f5 {[%emt 0:00:01]} Re5 {[%emt 0:00:01]} 48. f6 {[%emt 0:00:01]} Kg6 {[%emt 0:00:02]} 49. Rf8 {[%emt 0:00:01] Time Time Time} 1-0

[Event "Stay Safe Play From Home 407"]
[Site "Emanuel Lasker Arena"]
[Date "2020.08.24"]
[Round "9"]
[White "Matsek"]
[Black "Dukic"]
[Result "0-1"]
[WhiteElo "1471"]
[BlackElo "1809"]
[Annotator "NA"]
[PlyCount "48"]
[EventDate "2020.08.24"]
[EventType "swiss (blitz)"]

1. e4 {[%emt 0:00:02]} c5 {[%emt 0:00:03]} 2. Nf3 {[%emt 0:00:01]} e6 {[%emt 0:00:00]} 3. c3 {[%emt 0:00:01]} a6 {[%emt 0:00:00]} 4. d4 {[%emt 0:00:01]} Qc7 {[%emt 0:00:04]} 5. Be3 {[%emt 0:00:04]} Nf6 {[%emt 0:00:03]} 6. Nbd2 {[%emt 0:00:02]} b6 {[%emt 0:00:02]} 7. h3 {[%emt 0:00:01]} Bb7 {[%emt 0:00:01]} 8. Bd3 {[%emt 0:00:03]} d6 {[%emt 0:00:03]} 9. O-O {[%emt 0:00:03]} Nbd7 {[%emt 0:00:01]} 10. Rc1 {[%emt 0:00:02]} Be7 {[%emt 0:00:01]} 11. b4 {[%emt 0:00:02]} O-O {[%emt 0:00:06]} 12. bxc5 {[%emt 0:00:02]} bxc5 {[%emt 0:00:03]} 13. Re1 {[%emt 0:00:12]} Rfe8 {[%emt 0:00:02]} 14. Kf1 {[%emt 0:00:31]} h6 {[%emt 0:00:03]} 15. g4 {[%emt 0:00:04]} Nf8 {[%emt 0:00:22]} 16. g5 {[%emt 0:00:01]} hxg5 {[%emt 0:00:03]} 17. Bxg5 {[%emt 0:00:02]} Ng6 {[%emt 0:00:13]} 18. h4 {[%emt 0:00:03]} Nh5 {[%emt 0:00:06]} 19. Bxe7 {[%emt 0:00:05]} Qxe7 {[%emt 0:00:01]} 20. dxc5 {[%emt 0:00:05]} dxc5 {[%emt 0:00:02]} 21. Ng5 {[%emt 0:00:02]} Nhf4 {[%emt 0:00:07]} 22. Ndf3 {[%emt 0:00:14]} Nxh4 {[%emt 0:00:04]} 23. Nxh4 {[%emt 0:00:11]} Qxg5 {[%emt 0:00:02]} 24. Nf3 {[%emt 0:00:02]} Qg2# {[%emt 0:00:03] Mate Mate Mate} 0-1